| 000 | 01113nam a2200217Ia 4500 | ||
|---|---|---|---|
| 003 | Ost | ||
| 005 | 20260507075406.0 | ||
| 008 | 260507s9999||||xx |||||||||||||| ||und|| | ||
| 040 | _cfsecg | ||
| 041 | _aara | ||
| 082 | _a300 | ||
| 100 |
_aالزغول، عماد _eمؤلف |
||
| 245 | 0 |
_aالإحصاء التربوي / _c عماد الزغول |
|
| 260 |
_aعمان: _bدار الشروق للنشر والتوزيع, _c2005 |
||
| 300 |
_a259 صفحة؛ _bإيضاحات ؛ _c24 سم |
||
| 504 | _aالملاحق ص.253 ؛ المراجع ص.259 | ||
| 520 | _aيضم المفاهيم الأساسية لعلم الإحصاء، تنظيم البيانات وتلخيصها، مقاييس النزعة المركزية، مقاييس التشتت التوزيع الطبيعي والعلامات المعيارية، معاملات الإرتباط ، التوزيع العيني والتقدير الإحصائي ، إختبار الفرضيات الإحصائية | ||
| 653 | _aالإحصاء - المعاملات الإرتباطية | ||
| 653 | _aالطرق الإحصائية | ||
| 942 | _cكتاب | ||
| 999 |
_c44315 _d44315 |
||